00341nam a22001337a 4500020001400000040000800014082002600022100001800048245005500066260005000121300000900171942001000180999001700190 a007506765 cDLC a336 COP 1986 A006 Or. aBY MACMILLAN. aTHE RANDOM HOUSE ACHIEVEMENT PROGRAM IN OTERATURE. aMCGRAWbHILL SCHOOL PUBLISHING COMPANYc1986  a248P cAEDBB c22080d22080